Projekt ako novo definovaná forma produktu s aplikáciami marketingu

Vymedzenie pojmu projektovanie. Marketing projektov. Rozdiely v projektovom manažmente a v marketingu projektov.

Gespeichert in:
Bibliographische Detailangaben
1. Verfasser: Filo, Peter
Weitere Verfasser: Hasprová, Mária, 1970-, Žák, Štefan, 1971-
Format: Buchkapitel
Sprache:Slowakisch
Schlagworte:
Tags: Tag hinzufügen
Keine Tags, Fügen Sie das erste Tag hinzu!

MARC

LEADER 00000naa a2200000 4500
001 0142353
005 20240502072542.0
041 0 |a slo 
044 |a SK 
245 1 0 |a Projekt ako novo definovaná forma produktu s aplikáciami marketingu  |c Peter Filo, Mária Hasprová, Štefan Žák 
520 |a Vymedzenie pojmu projektovanie. Marketing projektov. Rozdiely v projektovom manažmente a v marketingu projektov. 
610 2 0 |a marketing 
610 2 0 |a riadenie projektové 
610 2 0 |a pojmy 
610 2 0 |a konkurencia 
610 2 0 |a výrobky nové 
610 2 0 |a stratégia marketingová 
610 2 0 |a projekty 
100 1 |a Filo, Peter 
700 1 |a Hasprová, Mária, 1970- 
700 1 |a Žák, Štefan, 1971-